What is That? - Geography - Statistics

General Stats
  • This quiz has been taken 118 times
  • The average score is 9 of 15
Answer Stats
Question Answer % Correct
Palau Country
94%
Ararat Mountain
87%
Maasai Ethnic Group
82%
Como Lake
77%
Campania Region
75%
Recife City
70%
Hausa Language
70%
Tambora Volcano
64%
Cebu Island
61%
Danxia National Park
53%
Renminbi Currency
50%
Anjou Province
44%
Thar Desert
29%
Irtysh River
28%
Seward Peninsula
25%
No matching quizzes found
Score Distribution
Percent of People with Each Score
Percentile by Number Answered
Your Score History
You have not taken this quiz